| 000 | 00706nam a2200241Ia 4500 | ||
|---|---|---|---|
| 003 | OSt | ||
| 005 | 20220926005259.0 | ||
| 006 | a|||||r|||| 00| 0 | ||
| 007 | ta | ||
| 008 | 220923b |||||||| |||| 00| 0 eng d | ||
| 037 | _cGeneral Book | ||
| 040 |
_aRTL _cRTL _beng |
||
| 041 |
_2eng _aeng |
||
| 082 | _aX93:8.2.N86, M6.2/TD | ||
| 100 |
_aJAIN S B Ed. _9310002 |
||
| 245 | 0 |
_aManagement and role of public enterprises _b Indo-French experience |
|
| 260 |
_a New Delhi _bSCOPE _c1986 |
||
| 300 |
_axxvii,330p. _ccm. |
||
| 490 | _vVol.2 | ||
| 500 | _aBibliography : P.307-324 | ||
| 942 |
_hX93:8.2.N86, M6.2/TD _cGB _2CC |
||
| 999 |
_c613415 _d613415 |
||